000 00261nam a2200109Ia 4500
008 190216s9999||||xx |||||||||||||| ||und||
100 _aRafioue M
245 0 _aCompetition Success Physics
260 _bSudha Pubs Pvt Ltd
_c1995
300 _a294p
942 _cREF
999 _c36194
_d36194